Donne positive /
Guardat en:
| Altres autors: | |
|---|---|
| Format: | Llibre |
| Idioma: | italià |
| Publicat: |
Milano :
Comunità Nuova,
c1997
|
| Etiquetes: |
Sense etiquetes, Sigues el primer a etiquetar aquest registre!
|
MARC
| LEADER | 00000nam a22000007i 4500 | ||
|---|---|---|---|
| 001 | IT\ICCU\UBO\1635430 | ||
| 003 | ItRI | ||
| 005 | 20260115232403.0 | ||
| 008 | 090421s1997 it |||||| ||||| |||||c | ||
| 040 | |b ita |c importazione bologna sebina | ||
| 041 | 7 | |a ita |2 ISO-639-2 | |
| 130 | 0 | |a Donne positive. |3 IT\ICCU\FOG\0489562 | |
| 245 | 0 | 0 | |a Donne positive / |c [a cura di Daniela Rigon ... et al.]. |
| 260 | |a Milano : |b Comunità Nuova, |c c1997 | ||
| 300 | |a 79 p. : |b ill. ; |c 21 cm. | ||
| 700 | 1 | |a Rigon, Daniela |0 IT\ICCU\UBOV\617926 | |
| 942 | |2 ddc |c BK |n 0 | ||
| 952 | |0 0 |1 0 |4 0 |6 A_616_979000000000000_RIG |7 0 |9 25239 |a BO |b BO |d 2026-01-15 |i 4304 |l 0 |o A 616.979 RIG |p BO4304 |r 2026-01-15 23:24:03 |w 2026-01-15 |x [Sebina 5] [1 v.] |y BK |z 1 v. | ||
| 999 | |c 21446 |d 21446 | ||